[Event "CSS Freestyle 8th"]
[Site "playchess.com"]
[Date "2008.04.12"]
[Round "5"]
[White "Abeljusto"]
[Black "Jcook140"]
[Result "1/2-1/2"]
[WhiteElo "2434"]
[BlackElo "2423"]
[PlyCount "108"]
[EventDate "2008.04.11"]

1. c4 {14} e5 {96} 2. Nc3 {9} Nf6 {59} 3. Nf3 {14} Nc6 {105} 4. g3 {9} d5 {48}
5. cxd5 {26} Nxd5 {15} 6. Bg2 {11} Nb6 {204} 7. O-O {14} Be7 {37} 8. a3 {43}
O-O {80} 9. b4 {17} Be6 {224} 10. Rb1 {42} f6 {52} 11. d3 {15} a5 {207} 12. b5
{12} Nd4 {13} 13. e3 {60} Nxf3+ {26} 14. Bxf3 {9} Rb8 {202} 15. Qc2 {29} Bd6 {
254} 16. Ne4 {127} Qd7 {60} 17. Rd1 {86} Qf7 {121} 18. Bd2 {245} Bxa3 {70} 19.
Bxa5 {6} Ra8 {116} 20. Qc3 {474} Be7 {229} 21. Bxb6 {22} cxb6 {12} 22. Qc7 {17}
Bd5 {40} 23. Nd2 {337} Bxf3 {112} 24. Nxf3 {13} Bc5 {23} 25. Qxf7+ {5} Kxf7 {22
} 26. d4 {6} exd4 {41} 27. Nxd4 {6} Rfd8 {35} 28. Ne2 {11} g5 {201} 29. Rxd8 {
298} Rxd8 {7} 30. g4 {6} Ke6 {98} 31. Ng3 {14} Bd6 {83} 32. Nf5 {10} Be5 {
Jcook140 offers a draw 46} 33. Kg2 {57} Rd7 {311} 34. Nh6 {716} Rc7 {140} 35.
h4 {149} gxh4 {15} 36. Rh1 {136} Rc5 {179} 37. f4 {95} Bb2 {131} 38. Rxh4 {18}
Rxb5 {16} 39. Nf5 {19} Rd5 {11} 40. Rxh7 {26} Rd7 {32} 41. Nd4+ {62} Bxd4 {34}
42. Rxd7 {16} Kxd7 {10} 43. exd4 {22} b5 {20} 44. Kf3 {25} Ke6 {22} 45. Ke4 {35
} b4 {13} 46. Kd3 {31} Kd5 {30} 47. g5 {23} fxg5 {23} 48. fxg5 {4} Ke6 {36} 49.
Kc4 {20} Kf5 {25} 50. Kxb4 {17} Kxg5 {17} 51. Kc5 {16} Kf6 {40} 52. Kb6 {14}
Ke7 {16} 53. Kxb7 {6} Kd6 {12} 54. d5 {7} Kxd5 {(Lag: Av=0.48s, max=1.2s) 3}
1/2-1/2

[Event "CSS Freestyle 8th"]
[Site "playchess.com"]
[Date "2008.04.12"]
[Round "5"]
[White "Pandini"]
[Black "Talok"]
[Result "0-1"]
[WhiteElo "2378"]
[BlackElo "2409"]
[PlyCount "138"]
[EventDate "2008.04.11"]

1. e4 {9} c5 {14} 2. Nf3 {33} d6 {76} 3. d4 {26} cxd4 {14} 4. Nxd4 {8} Nf6 {4}
5. Nc3 {14} a6 {7} 6. Be3 {22} e6 {9} 7. g4 {68} e5 {136} 8. Nf5 {31} g6 {13}
9. g5 {46} gxf5 {63} 10. exf5 {66} d5 {4} 11. Qf3 {126} d4 {18} 12. O-O-O {28}
Nbd7 {15} 13. Bd2 {93} dxc3 {203} 14. Bxc3 {38} Rg8 {318} 15. gxf6 {69} Qxf6 {
11} 16. Bd3 {316} Ra7 {109} 17. Rhe1 {259} b6 {35} 18. Kb1 {58} Bc5 {191} 19.
Re2 {127} Kf8 {496} 20. Qh3 {467} Be7 {52} 21. f4 {216} Qh4 {354} 22. Qf3 {53}
Bb7 {19} 23. Be4 {14} Bxe4 {28} 24. Qxe4 {4} f6 {193} 25. Bb4 {308} Rg7 {25}
26. Bxe7+ {50} Kxe7 {5} 27. a3 {114} Kf8 {22} 28. Qb4+ {54} Kg8 {4} 29. Qc4+ {
82} Kh8 {12} 30. Red2 {77} exf4 {19} 31. Rxd7 {24} Rgxd7 {41} 32. Qc8+ {193}
Kg7 {268} 33. Rxd7+ {57} Rxd7 {3} 34. Qxd7+ {2} Kh6 {9} 35. Qe6 {69} Kh5 {310}
36. Qg8 {79} Qe1+ {89} 37. Ka2 {43} f3 {24} 38. Qxh7+ {15} Kg4 {12} 39. Qg7+ {
36} Kh3 {32} 40. Qxf6 {221} f2 {43} 41. Qh6+ {25} Kg2 {13} 42. Qc6+ {180} Kxh2
{22} 43. Qd6+ {62} Kh3 {15} 44. Qd3+ {33} Kg2 {22} 45. Qd5+ {63} Kg3 {13} 46.
Qd6+ {36} Kf3 {25} 47. Qd3+ {21} Kg4 {3} 48. Qc4+ {49} Kxf5 {40} 49. Qf7+ {14}
Kg4 {13} 50. Qg6+ {16} Kf3 {12} 51. Qf5+ {13} Ke3 {8} 52. Qd3+ {20} Kf4 {15}
53. Qd6+ {14} Kf3 {17} 54. Qf6+ {5} Ke2 {14} 55. Qe6+ {11} Kd2 {22} 56. Qd5+ {
10} Kc1 {17} 57. Qg5+ {92} Qd2 {29} 58. Qg2 {28} Qe2 {15} 59. Qg5+ {21} Kxc2 {
17} 60. Qf5+ {13} Kd1 {19} 61. Qd5+ {14} Ke1 {22} 62. Qc6 {23} Qd3 {32} 63.
Qe6+ {39} Kd2 {21} 64. Qh6+ {39} Kd1 {18} 65. a4 {77} f1=Q {24} 66. Qh5+ {9}
Kc2 {18} 67. Qh2+ {18} Qfe2 {18} 68. Qc7+ {19} Qc4+ {22} 69. Qxc4+ {33} Qxc4+ {
Zeit (Lag: Av=0.32s, max=1.2s) . Pandini gibt auf 4} 0-1

[Event "CSS Freestyle 8th"]
[Site "playchess.com"]
[Date "2008.04.12"]
[Round "5"]
[White "Rodo"]
[Black "Sciolto"]
[Result "1-0"]
[WhiteElo "2573"]
[BlackElo "2500"]
[PlyCount "133"]
[EventDate "2008.04.11"]

1. e4 {4} e5 {90} 2. Nf3 {11} Nc6 {5} 3. Bb5 {9} a6 {4} 4. Ba4 {6} Nf6 {4} 5.
O-O {6} Be7 {7} 6. Re1 {6} b5 {4} 7. Bb3 {6} O-O {2} 8. c3 {25} d6 {4} 9. h3 {
11} Bb7 {10} 10. d4 {17} Re8 {12} 11. Nbd2 {8} Bf8 {10} 12. a3 {11} g6 {282}
13. Ba2 {17} Bg7 {5} 14. b4 {19} Qd7 {281} 15. Bb2 {75} Nh5 {76} 16. Nb3 {53}
Rad8 {321} 17. Qc2 {702} Nf4 {58} 18. Bc1 {7} Nxh3+ {334} 19. gxh3 {5} Qxh3 {3}
20. Ng5 {13} Qg4+ {17} 21. Kf1 {3} exd4 {12} 22. f3 {10} Qg3 {299} 23. Qg2 {4}
Qxg2+ {3} 24. Kxg2 {0} Rd7 {9} 25. Nxd4 {16} h6 {98} 26. Nh3 {348} Nxd4 {322}
27. cxd4 {8} Bxd4 {14} 28. Rb1 {5} g5 {6} 29. Rd1 {14} c5 {23} 30. Nf2 {17} Kg7
{10} 31. Rb2 {308} Rde7 {224} 32. Rbd2 {732} f5 {6} 33. bxc5 {44} dxc5 {65} 34.
exf5 {2} Bc8 {312} 35. Bb1 {218} Re2 {15} 36. Be4 {160} Rxd2 {14} 37. Bxd2 {2}
Rf8 {7} 38. Ng4 {45} Bxf5 {23} 39. Bxf5 {3} Rxf5 {4} 40. Rh1 {1} Rd5 {303} 41.
Rxh6 {37} Bb2 {5} 42. Be3 {267} a5 {31} 43. Rb6 {45} c4 {5} 44. a4 {48} b4 {4}
45. Rb5 {19} Rd1 {28} 46. Bxg5 {65} Kg6 {4} 47. Ne3 {69} Rc1 {254} 48. f4 {18}
c3 {6} 49. Rb6+ {22} Kf7 {31} 50. Rc6 {15} b3 {3} 51. Nc4 {57} c2 {8} 52. Nxb2
{15} Rb1 {6} 53. Nd3 {26} b2 {6} 54. Nxb2 {237} c1=Q {28} 55. Rxc1 {7} Rxc1 {9}
56. Kf3 {1} Kg6 {36} 57. Bd8 {39} Rc2 {16} 58. Nd3 {30} Rc3 {6} 59. Ke2 {10}
Ra3 {55} 60. Bxa5 {57} Rxa4 {33} 61. Bb6 {5} Ra1 {38} 62. Kf3 {119} Kf5 {18}
63. Nf2 {30} Re1 {20} 64. Ng4 {60} Rf1+ {84} 65. Bf2 {42} Ra1 {2} 66. Ne3+ {21}
Ke6 {3} 67. Kg4 {Sciolto resigns (Lag: Av=0.41s, max=1.5s) 11} 1-0

[Event "CSS Freestyle 8th"]
[Site "playchess.com"]
[Date "2008.04.12"]
[Round "5"]
[White "Rybko"]
[Black "Tatar"]
[Result "1/2-1/2"]
[WhiteElo "2403"]
[BlackElo "2533"]
[PlyCount "132"]
[EventDate "2008.04.11"]

1. c4 {96} e6 {44} 2. d4 {45} d5 {47} 3. Nf3 {56} Nf6 {13} 4. Nc3 {22} Bb4 {58}
5. e3 {134} O-O {17} 6. Bd3 {241} c5 {176} 7. cxd5 {99} exd5 {25} 8. dxc5 {49}
Bxc5 {686} 9. O-O {46} Nc6 {3} 10. a3 {63} Bg4 {140} 11. h3 {298} Bh5 {5} 12.
b4 {21} Bd6 {69} 13. Bb2 {162} Ne5 {4} 14. Be2 {22} Nc4 {104} 15. Ra2 {224} a5
{94} 16. Ba1 {49} axb4 {42} 17. axb4 {60} Rxa2 {13} 18. Nxa2 {0} Be7 {287} 19.
Qd4 {1033} Qb6 {76} 20. Qxb6 {121} Nxb6 {0} 21. Bd4 {72} Ra8 {10} 22. Nc3 {29}
Nfd7 {69} 23. b5 {27} Rc8 {85} 24. Ne5 {146} Bxe2 {10} 25. Nxe2 {0} Nxe5 {64}
26. Bxb6 {5} Nc4 {71} 27. Bd4 {6} Bc5 {123} 28. Ra1 {213} Kf8 {50} 29. g4 {19}
g6 {61} 30. Kg2 {77} Ke7 {66} 31. Bxc5+ {10} Rxc5 {0} 32. Nd4 {6} Nd6 {91} 33.
h4 {12} Kf6 {67} 34. Ra8 {58} h6 {67} 35. f4 {6} Rc1 {32} 36. Rh8 {95} Ra1 {75}
37. Kf3 {36} Rf1+ {11} 38. Ke2 {22} Rg1 {64} 39. g5+ {3} hxg5 {6} 40. hxg5+ {0}
Ke7 {6} 41. Kd3 {7} Rd1+ {48} 42. Kc2 {16} Re1 {49} 43. Kd2 {
Rybko offers a draw 16} Ra1 {30} 44. Rb8 {18} Ra3 {65} 45. Ke2 {19} Kd7 {35}
46. Kf3 {19} Ra2 {46} 47. Rh8 {11} Rb2 {94} 48. Rh7 {37} Ke8 {47} 49. Rh8+ {23}
Ke7 {9} 50. Rb8 {4} Ra2 {90} 51. Rh8 {7} Rb2 {62} 52. Rb8 {11} Kd7 {33} 53. Kg4
{34} Rh2 {56} 54. Kf3 {33} Rd2 {8} 55. Rh8 {25} Ne4 {55} 56. Rb8 {26} Rf2+ {60}
57. Kg4 {7} Nd6 {54} 58. Kg3 {7} Rd2 {43} 59. Kf3 {9} Rh2 {25} 60. Kg3 {5} Ra2
{70} 61. Rh8 {19} Ne4+ {20} 62. Kg4 {10} Rg2+ {13} 63. Kf3 {9} Rf2+ {3} 64. Kg4
{1} Rg2+ {2} 65. Kf3 {1} Rf2+ {1} 66. Kg4 {1} Rg2+ {(Lag: Av=0.39s, max=2.5s) 2
} 1/2-1/2

[Event "CSS Freestyle 8th"]
[Site "playchess.com"]
[Date "2008.04.12"]
[Round "5"]
[White "Death_cap"]
[Black "Ultima"]
[Result "1/2-1/2"]
[WhiteElo "2437"]
[BlackElo "2586"]
[PlyCount "108"]
[EventDate "2008.04.11"]

1. e4 {136} c5 {20} 2. Nf3 {22} d6 {22} 3. d4 {6} cxd4 {0} 4. Nxd4 {3} Nf6 {13}
5. Nc3 {9} a6 {3} 6. Be3 {418} e6 {18} 7. f3 {280} b5 {44} 8. Qd2 {42} Nbd7 {61
} 9. Be2 {15} b4 {551} 10. Nb1 {152} d5 {34} 11. a3 {61} bxa3 {225} 12. Nxa3 {
44} dxe4 {7} 13. Nc4 {236} Bb7 {476} 14. O-O {418} Qc7 {17} 15. Qa5 {87} Rc8 {
115} 16. fxe4 {209} Nxe4 {667} 17. Qxc7 {12} Rxc7 {0} 18. Bf4 {6} Rxc4 {13} 19.
Bxc4 {21} e5 {2} 20. Be3 {960} exd4 {6} 21. Bxd4 {11} f6 {1} 22. Bxa6 {16} Bc6
{2} 23. Bd3 {69} Nec5 {50} 24. Bc4 {212} Nb6 {28} 25. Be2 {28} Nc8 {5} 26. Ra3
{43} Ne4 {35} 27. Re3 {7} Kd7 {24} 28. Bd3 {14} Ng5 {199} 29. c4 {24} Kc7 {7}
30. c5 {101} Ne7 {265} 31. h4 {11} Nf7 {4} 32. Ra1 {8} Nd8 {111} 33. Ree1 {9}
Bd5 {58} 34. Bf2 {13} Nec6 {' 712} 35. Be4 {13} Bxe4 {0} 36. Rxe4 {10} Be7 {1}
37. Rea4 {15} Ne6 {48} 38. Ra7+ {21} Nxa7 {7} 39. Rxa7+ {4} Kc6 {1} 40. Rxe7 {
12} Nxc5 {1} 41. Rxg7 {114} Nd3 {6} 42. Rf7 {66} Nxb2 {7} 43. Rxf6+ {6} Kd5 {3}
44. g4 {13} Rg8 {5} 45. g5 {14} Rg6 {21} 46. Rf8 {68} Nd3 {9} 47. Rd8+ {27} Rd6
{6} 48. Rh8 {17} Rd7 {4} 49. Rf8 {25} Nxf2 {104} 50. Kxf2 {10} Ke6 {13} 51. Kg3
{14} Rf7 {72} 52. Rc8 {30} Rb7 {44} 53. Kg4 {24} Kf7 {18} 54. Kh5 {13} Kg7 {
Ultima offre la patta (Lag: Av=0.42s, max=1.5s) 22} 1/2-1/2

[Event "CSS Freestyle 8th"]
[Site "playchess.com"]
[Date "2008.04.12"]
[Round "5"]
[White "Americochess"]
[Black "Etaoin Shrdlu"]
[Result "0-1"]
[WhiteElo "1696"]
[BlackElo "1745"]
[PlyCount "96"]
[EventDate "2008.04.11"]

1. d4 {1} d5 {112} 2. c4 {27} c6 {7} 3. Nf3 {41} Nf6 {1} 4. Nc3 {47} e6 {3} 5.
e3 {49} Nbd7 {12} 6. Bd3 {51} dxc4 {3} 7. Bxc4 {21} b5 {3} 8. Bd3 {44} Bb7 {2}
9. O-O {24} a6 {22} 10. e4 {139} c5 {4} 11. d5 {24} c4 {53} 12. Bc2 {107} e5 {
333} 13. Qe2 {64} Qc7 {6} 14. a4 {107} b4 {9} 15. Nd1 {42} a5 {9} 16. Re1 {140}
Ba6 {33} 17. Nh4 {145} g6 {52} 18. Qf3 {129} Bg7 {5} 19. Bd2 {183} O-O {21} 20.
Ne3 {30} Rab8 {205} 21. h3 {13} Nc5 {1062} 22. Rac1 {8} c3 {424} 23. bxc3 {15}
b3 {4} 24. Bb1 {4} Nxa4 {9} 25. Nef5 {458} gxf5 {33} 26. Nxf5 {61} Ne8 {5} 27.
c4 {43} Nc5 {9} 28. Qh5 {281} a4 {385} 29. d6 {213} Nxd6 {10} 30. Nxg7 {13} f6
{115} 31. Bh6 {204} Rf7 {24} 32. Nf5 {81} Nxf5 {6} 33. exf5 {96} a3 {57} 34.
Qe2 {94} Kh8 {62} 35. Rcd1 {159} Rd7 {268} 36. Bc1 {179} b2 {6} 37. Be3 {85}
Rxd1 {62} 38. Rxd1 {6} Nb3 {9} 39. Qd3 {88} Bxc4 {16} 40. Qc3 {11} Rg8 {47} 41.
g4 {21} h5 {105} 42. f3 {120} Rc8 {15} 43. Qb4 {63} Nd4 {168} 44. Kf2 {59} Qc5
{97} 45. Qd2 {46} Bb3 {15} 46. Re1 {35} Qc2 {80} 47. Qxc2 {96} Rxc2+ {21} 48.
Bxc2 {8} Nxc2 {Americochess Abandona (Lag: Av=0.40s, max=1.6s) 10} 0-1

[Event "CSS Freestyle 8th"]
[Site "playchess.com"]
[Date "2008.04.12"]
[Round "5"]
[White "Bruckmann"]
[Black "ChessPapaRazzi"]
[Result "1-0"]
[WhiteElo "2397"]
[BlackElo "2396"]
[PlyCount "75"]
[EventDate "2008.04.11"]

1. Nf3 {6} c5 {33} 2. g3 {4} Nf6 {26} 3. Bg2 {9} Nc6 {15} 4. c4 {116} g6 {43}
5. O-O {158} Bg7 {39} 6. d4 {87} cxd4 {85} 7. Nxd4 {14} Nxd4 {70} 8. Qxd4 {14}
O-O {53} 9. Nc3 {512} d6 {17} 10. Qh4 {108} Qb6 {303} 11. b3 {478} Bf5 {18} 12.
Bg5 {261} Rfe8 {104} 13. Rad1 {223} Rab8 {94} 14. Nd5 {564} Nxd5 {145} 15. Bxd5
{0} Qc7 {145} 16. g4 {5} Bc8 {36} 17. Rd3 {6} b5 {642} 18. Rfd1 {331} a5 {
Bruckmann reconnected. Black restart ok. 594} 19. Rc1 {14} b4 {370} 20. Rf3 {
459} e6 {352} 21. Rh3 {16} h5 {22} 22. Be4 {9} f5 {100} 23. Bc2 {41} Kf7 {278}
24. gxh5 {9} Rh8 {11} 25. h6 {3} Bb7 {42} 26. e4 {8} Be5 {52} 27. Re3 {222} Qc6
{83} 28. Rd1 {127} Ra8 {1} 29. Kf1 {38} a4 {43} 30. bxa4 {152} Rhe8 {' 116} 31.
Kg1 {33} Rh8 {66} 32. h7 {25} Rac8 {28} 33. Be7 {27} Qc7 {45} 34. exf5 {3} Qxe7
{34} 35. fxg6+ {4} Kf8 {13} 36. Qh6+ {7} Qg7 {7} 37. Qxg7+ {4} Kxg7 {6} 38.
Rxe5 {Time (Lag: Av=0.48s, max=0.9s) ChessPapaRazzi resigns 5} 1-0

[Event "CSS Freestyle 8th"]
[Site "playchess.com"]
[Date "2008.04.12"]
[Round "6"]
[White "Gatewaymike"]
[Black "Nods"]
[Result "1/2-1/2"]
[WhiteElo "2365"]
[BlackElo "2405"]
[PlyCount "41"]
[EventDate "2008.04.11"]

1. d4 {11} d5 {78} 2. c4 {30} dxc4 {48} 3. Nf3 {107} Nf6 {18} 4. e3 {33} e6 {8}
5. Bxc4 {24} c5 {6} 6. O-O {125} a6 {7} 7. Bb3 {67} Nc6 {289} 8. Nc3 {120} cxd4
{11} 9. exd4 {29} Be7 {5} 10. Re1 {144} O-O {13} 11. a3 {339} Na5 {79} 12. Bc2
{11} b5 {13} 13. d5 {173} Re8 {58} 14. Bg5 {115} Nxd5 {33} 15. Nxd5 {32} exd5 {
6} 16. Bxe7 {99} Rxe7 {15} 17. Rxe7 {80} Qxe7 {0} 18. a4 {163} Bb7 {31} 19.
axb5 {78} axb5 {0} 20. Qd3 {14} g6 {6} 21. Qxb5 {
Gatewaymike offers a draw (Lag: Av=1.02s, max=2.1s) 52} 1/2-1/2

[Event "CSS Freestyle 8th"]
[Site "playchess.com"]
[Date "2008.04.12"]
[Round "6"]
[White "Averell"]
[Black "Brener"]
[Result "1-0"]
[WhiteElo "2469"]
[BlackElo "2387"]
[PlyCount "37"]
[EventDate "2008.04.11"]

1. e4 {3} e5 {21} 2. f4 {5} Bc5 {4} 3. Nf3 {50} d6 {18} 4. Nc3 {180} Nf6 {15}
5. Bc4 {54} Nc6 {7} 6. d3 {24} Bg4 {7} 7. Na4 {202} O-O {15} 8. Nxc5 {96} dxc5
{7} 9. O-O {462} Qd6 {14} 10. f5 {443} Bxf3 {277} 11. gxf3 {207} Na5 {6} 12.
Bb3 {45} Nxb3 {62} 13. axb3 {2} a5 {0} 14. Qe1 {76} b6 {3} 15. Qh4 {86} Nd7 {46
} 16. Kh1 {63} Rfe8 {8} 17. Rg1 {41} Qc6 {13} 18. Rg3 {41} a4 {9} 19. bxa4 {
Brener gibt auf (Lag: Av=0.51s, max=2.1s) 35} 1-0

[Event "CSS Freestyle 8th"]
[Site "playchess.com"]
[Date "2008.04.12"]
[Round "6"]
[White "Murx"]
[Black "Olivier EVAN"]
[Result "1-0"]
[WhiteElo "2530"]
[BlackElo "2374"]
[PlyCount "46"]
[EventDate "2008.04.11"]

1. e4 {63} c5 {243} 2. Nf3 {19} Nc6 {194} 3. d4 {32} cxd4 {9} 4. Nxd4 {22} Nf6
{8} 5. Nc3 {37} e6 {76} 6. Ndb5 {144} d6 {65} 7. Bf4 {46} e5 {26} 8. Bg5 {104}
a6 {27} 9. Na3 {37} Be6 {45} 10. Nc4 {36} Rc8 {50} 11. Nd5 {66} Bxd5 {37} 12.
Bxf6 {33} gxf6 {93} 13. Qxd5 {76} Nb4 {87} 14. Qd2 {26} d5 {67} 15. exd5 {23}
Qxd5 {12} 16. Qxd5 {41} Nxd5 {4} 17. O-O-O {91} Rc5 {501} 18. c3 {141} b5 {8}
19. Na5 {71} Nb6 {Olivier EVAN propose la nulle 6} 20. Nb7 {55} Rd5 {4} 21. Be2
{49} Rg8 {6} 22. Rxd5 {55} Nxd5 {3} 23. g3 {53} e4 {
Olivier EVAN abandonne (Lag: Av=1.09s, max=1.7s) 10} 1-0

[Event "CSS Freestyle 8th"]
[Site "playchess.com"]
[Date "2008.04.12"]
[Round "6"]
[White "Rybusia"]
[Black "Rodo"]
[Result "1/2-1/2"]
[WhiteElo "1675"]
[BlackElo "1846"]
[PlyCount "61"]
[EventDate "2008.04.11"]

1. d4 {35} d5 {8} 2. c4 {4} c6 {14} 3. Nc3 {10} Nf6 {23} 4. e3 {9} e6 {13} 5.
Nf3 {10} Nbd7 {7} 6. Qc2 {9} Bd6 {9} 7. g4 {7} dxc4 {42} 8. Bxc4 {16} e5 {19}
9. g5 {28} Nd5 {2} 10. Bd2 {25} O-O {307} 11. Bd3 {25} Kh8 {22} 12. Bxh7 {95}
exd4 {14} 13. Nxd5 {20} cxd5 {7} 14. Nxd4 {23} Qxg5 {12} 15. Bc3 {28} Nf6 {79}
16. Bd3 {17} Qg4 {4} 17. h4 {280} Re8 {14} 18. Be2 {1236} Qe4 {20} 19. O-O-O {
36} Qxc2+ {101} 20. Kxc2 {13} a6 {498} 21. Bd3 {84} Ne4 {420} 22. Bxe4 {7} Rxe4
{519} 23. h5 {26} Kh7 {19} 24. Nf3 {7} Rg4 {64} 25. Rxd5 {19} Be7 {2} 26. a3 {7
} Rg2 {285} 27. Rd2 {33} Bf5+ {20} 28. Kc1 {9} Be4 {30} 29. Ne1 {385} Rg5 {
Rodo offre la patta 16} 30. f3 {87} Bc6 {21} 31. Kc2 {
Rybusia offers a draw (Lag: Av=0.30s, max=1.1s) 140} 1/2-1/2

[Event "CSS Freestyle 8th"]
[Site "playchess.com"]
[Date "2008.04.12"]
[Round "6"]
[White "Luminarydebris"]
[Black "Icy45"]
[Result "1/2-1/2"]
[WhiteElo "2455"]
[BlackElo "2479"]
[PlyCount "47"]
[EventDate "2008.04.11"]

1. e4 {51} e5 {8} 2. Nf3 {9} Nf6 {15} 3. Nxe5 {21} d6 {6} 4. Nf3 {7} Nxe4 {5}
5. d4 {15} d5 {7} 6. Bd3 {11} Bd6 {9} 7. O-O {12} O-O {5} 8. c4 {21} c6 {6} 9.
Re1 {15} Bf5 {102} 10. Qb3 {69} Na6 {155} 11. cxd5 {115} Nac5 {115} 12. dxc5 {
33} Nxc5 {204} 13. Bxf5 {8} Nxb3 {20} 14. axb3 {5} Re8 {210} 15. Rd1 {859} Bc5
{92} 16. Nc3 {28} Qb6 {33} 17. d6 {39} Bxd6 {47} 18. Rxd6 {19} Qc5 {22} 19. Rd7
{85} Qxf5 {74} 20. Rxb7 {8} Qc2 {154} 21. g3 {698} c5 {7} 22. Kg2 {101} h5 {35}
23. h4 {450} Reb8 {32} 24. Rc7 {
Luminarydebris offers a draw (Lag: Av=0.35s, max=0.9s) 278} 1/2-1/2

[Event "CSS Freestyle 8th"]
[Site "playchess.com"]
[Date "2008.04.12"]
[Round "6"]
[White "Dom_"]
[Black "Abeljusto"]
[Result "1/2-1/2"]
[WhiteElo "2444"]
[BlackElo "2433"]
[PlyCount "51"]
[EventDate "2008.04.11"]

1. e4 {62} c5 {7} 2. Nf3 {26} Nc6 {6} 3. d4 {48} cxd4 {7} 4. Nxd4 {7} Nf6 {10}
5. Nc3 {10} e6 {6} 6. Ndb5 {53} Bb4 {16} 7. a3 {50} Bxc3+ {17} 8. Nxc3 {9} d5 {
6} 9. exd5 {34} exd5 {12} 10. Bd3 {208} O-O {13} 11. O-O {12} d4 {9} 12. Ne2 {
56} Re8 {303} 13. Bg5 {122} h6 {121} 14. Bh4 {43} g5 {44} 15. Bg3 {9} Ne4 {85}
16. f3 {258} Nxg3 {24} 17. Nxg3 {8} Ne5 {66} 18. f4 {230} Bg4 {31} 19. Qd2 {15}
Nxd3 {121} 20. cxd3 {26} Re3 {62} 21. fxg5 {387} hxg5 {184} 22. Rf2 {75} Bd7 {
288} 23. Raf1 {384} Bb5 {84} 24. Rxf7 {19} Bxd3 {44} 25. R1f2 {11} Rc8 {
Dom_ proponuje remis 159} 26. Nf1 {(Lag: Av=2.24s, max=4.1s) 900} 1/2-1/2

[Event "CSS Freestyle 8th"]
[Site "playchess.com"]
[Date "2008.04.12"]
[Round "6"]
[White "Mikhail Umansky"]
[Black "Fredis_cpu"]
[Result "1/2-1/2"]
[WhiteElo "2348"]
[BlackElo "2529"]
[PlyCount "55"]
[EventDate "2008.04.11"]

1. d4 {46} Nf6 {15} 2. c4 {45} e6 {40} 3. g3 {5} d5 {33} 4. Bg2 {5} Be7 {60} 5.
Nf3 {7} O-O {54} 6. O-O {5} dxc4 {25} 7. Qc2 {397} a6 {29} 8. Qxc4 {79} b5 {21}
9. Qc2 {34} Bb7 {37} 10. Bd2 {39} Be4 {30} 11. Qc1 {18} Bb7 {36} 12. Bf4 {251}
Bd6 {109} 13. Nc3 {78} Nbd7 {287} 14. Rd1 {23} Nb6 {338} 15. a3 {198} Qe7 {425}
16. Bg5 {138} h6 {46} 17. Bh4 {28} Qd8 {281} 18. e4 {480} Be7 {24} 19. Qc2 {522
} g5 {185} 20. Bxg5 {10} hxg5 {7} 21. Nxg5 {5} Nfd5 {102} 22. Nxe6 {228} fxe6 {
30} 23. exd5 {6} exd5 {34} 24. Qg6+ {595} Kh8 {7} 25. Qh6+ {132} Kg8 {6} 26.
Qg6+ {1} Kh8 {6} 27. Qh6+ {1} Kg8 {5} 28. Qg6+ {(Lag: Av=0.30s, max=1.3s) 1}
1/2-1/2

[Event "CSS Freestyle 8th"]
[Site "playchess.com"]
[Date "2008.04.12"]
[Round "6"]
[White "Lombard1"]
[Black "EnjoyTheSilence"]
[Result "1/2-1/2"]
[WhiteElo "2458"]
[BlackElo "2439"]
[PlyCount "121"]
[EventDate "2008.04.11"]

1. d4 {11} Nf6 {1} 2. c4 {31} g6 {2} 3. Nf3 {26} Bg7 {2} 4. g3 {7} O-O {3} 5.
Bg2 {10} d6 {5} 6. O-O {5} Nc6 {7} 7. Nc3 {13} Bf5 {6} 8. d5 {8} Na5 {12} 9.
Nd4 {9} Bd7 {8} 10. b3 {6} c5 {4} 11. Nc2 {9} a6 {19} 12. Qd3 {12} b5 {50} 13.
cxb5 {177} axb5 {13} 14. Nxb5 {95} Ng4 {42} 15. Nc3 {38} c4 {27} 16. bxc4 {28}
Nxc4 {19} 17. Rb1 {88} Nce5 {91} 18. Qd2 {32} Qa5 {118} 19. Nd4 {112} Nc4 {114}
20. Qd3 {90} Nge5 {16} 21. Qc2 {28} Rfc8 {119} 22. Rb3 {55} Qc5 {64} 23. Qd1 {
128} Qxd4 {74} 24. Qxd4 {99} Nf3+ {3} 25. Bxf3 {170} Bxd4 {6} 26. Nb5 {130} Be5
{7} 27. Na3 {40} Nxa3 {12} 28. Bxa3 {123} Rc2 {32} 29. Rfb1 {56} Rxa2 {30} 30.
Bc1 {33} Bh3 {48} 31. Bh6 {190} f6 {55} 32. Rb8+ {478} Kf7 {50} 33. Rxa8 {14}
Rxa8 {12} 34. Be4 {167} g5 {63} 35. Bd3 {36} Bd4 {31} 36. e3 {82} Bc5 {23} 37.
Re1 {13} Ra2 {52} 38. Be4 {76} Rd2 {39} 39. Bb1 {27} Bb4 {26} 40. Rc1 {33} Ba3
{24} 41. Re1 {6} Bc5 {30} 42. Rc1 {72} Bb4 {34} 43. Be4 {534} f5 {4} 44. Bg2 {
11} Bxg2 {26} 45. Kxg2 {9} Kg6 {21} 46. Bf8 {6} Bc5 {21} 47. Rc3 {196} Kf7 {14}
48. Bh6 {Lombard1 bietet Remis 6} g4 {9} 49. h4 {77} gxh3+ {26} 50. Kxh3 {2}
Rxf2 {2} 51. Bg5 {31} h5 {34} 52. Rb3 {4} Re2 {36} 53. Rb7 {58} Kg6 {27} 54.
Bxe7 {24} Rxe3 {42} 55. Bxd6 {32} Bxd6 {23} 56. Rb6 {Lombard1 bietet Remis 3}
Rxg3+ {41} 57. Kh4 {125} Rg4+ {7} 58. Kh3 {9} Kf6 {238} 59. Rxd6+ {28} Ke5 {5}
60. Rd8 {2} Rd4 {30} 61. Rh8 {
EnjoyTheSilence offers a draw (Lag: Av=0.39s, max=1.5s) 17} 1/2-1/2

[Event "CSS Freestyle 8th"]
[Site "playchess.com"]
[Date "2008.04.12"]
[Round "6"]
[White "Badbishop1"]
[Black "Farseer"]
[Result "1/2-1/2"]
[WhiteElo "2353"]
[BlackElo "2420"]
[PlyCount "77"]
[EventDate "2008.04.11"]

1. e4 {3} e6 {5} 2. d4 {18} d5 {2} 3. e5 {25} c5 {34} 4. c3 {36} Nc6 {33} 5.
Nf3 {38} Qb6 {40} 6. a3 {27} c4 {11} 7. Nbd2 {44} Na5 {13} 8. Rb1 {47} Bd7 {46}
9. Be2 {50} Be7 {606} 10. O-O {84} Nh6 {197} 11. Re1 {8} O-O {125} 12. Nf1 {97}
Nf5 {8} 13. Ne3 {102} Nxe3 {115} 14. Bxe3 {4} Nb3 {84} 15. Nd2 {36} Ba4 {114}
16. h3 {146} Qb5 {50} 17. Nxb3 {34} Qxb3 {41} 18. Qc1 {76} Qc2 {48} 19. Bd1 {48
} Qxc1 {18} 20. Rxc1 {1} Bxd1 {226} 21. Rcxd1 {10} a5 {82} 22. g4 {80} b5 {42}
23. Bd2 {16} b4 {619} 24. axb4 {25} axb4 {4} 25. cxb4 {9} Rab8 {148} 26. Ra1 {
156} Bxb4 {11} 27. Bc3 {17} Bxc3 {330} 28. bxc3 {8} Rb2 {92} 29. h4 {205} h6 {
125} 30. Kf1 {96} Rb3 {323} 31. Re3 {19} g6 {28} 32. Kg2 {41} Rfb8 {26} 33. Ra7
{117} R3b7 {9} 34. Rxb7 {61} Rxb7 {4} 35. h5 {85} gxh5 {12} 36. gxh5 {4} Rb2 {
27} 37. Kg3 {25} Rb1 {27} 38. Kf4 {52} Kg7 {76} 39. Rg3+ {
Badbishop1 offers a draw (Lag: Av=0.58s, max=1.2s) 23} 1/2-1/2